000 00758nam a2200205Ii 4500
003 JO-AjNU
008 230605s9999||||xx |||||||||||||| ||und||
017 _a2004/4/541
040 _aJO-AjNU
_bara
_erda
_cJO-AjNU
041 _aara
050 1 4 _aQC522.I2742 2005
100 3 _aابراهيم، بثينة عبد المنعم,
_eauthor
_96901
245 0 0 _aالكهرباء والمغناطيسية لطلبة كليات العلوم والهندسة والمعاهد العليا
264 3 1 _aعمان: دار الاخوة للنشر والتوزيع، 2005
300 _a312ص
336 _atext
_btxt
_2rdacontent
337 _aunmediated
_bn
_2rdamedia
338 _avolume
_bnc
_2rdacarrier
650 4 _aالمغناطيسية الكهربائية
_96902
999 _aA7
_c3575
_d3575